Music Quiz

Random Music or Artist Quiz
Score 0/50 Timer 10:00
22 Plays Today
# Artist % Correct
29Adele
90.6%
2Train
84.4%
13Train
84.4%
37Taylor Swift
83%
33Maroon 5
77.7%
34Maroon 5
77.7%
1Santana ft. Rob Thomas
69.8%
17Goo Goo Dolls
68.6%
19Goo Goo Dolls
68.6%
4The Fray
67%
16The Fray
67%
35The Fray
67%
30No Doubt
66.9%
43Kelly Clarkson
64.4%
20Santana ft. Alex Band/Chad Kroeger
62.7%
25Nickelback
61.1%
49Nickelback
61.1%
7Jason Mraz
60.4%
40Avril Lavigne
60.2%
39Gotye ft. Kimbra
58.5%
36P!nk ft. Nate Ruess
57.9%
45P!nk
57.7%
14Snow Patrol
57.4%
24Kings of Leon
55.9%
6Matchbox Twenty
54.3%
# Artist % Correct
28Matchbox Twenty
54.3%
41Matchbox Twenty
54.3%
50Matchbox Twenty
54.3%
32Natalie Imbruglia
50.7%
5OneRepublic
50.6%
15The Lumineers
48.1%
47Daniel Powter
46.2%
26John Mayer
45.2%
8Lifehouse
42.4%
10Lifehouse
42.4%
27Hoobastank
41.4%
11Walk the Moon
37.1%
48Passenger
33.1%
233 Doors Down
32.4%
44The Wallflowers
32.3%
3The Calling
30.1%
12Colbie Caillat
29.4%
31The Script
29.4%
21Sara Bareilles
24.9%
42Daughtry
22.6%
18American Authors
21.3%
38Duncan Sheik
19.2%
22Vertical Horizon
17.2%
46Phillip Phillips
16.8%
9Sister Hazel
13.6%
Remove Ads.
Support Sporcle.
Get the best of Sporcle when you Go Orange. This ad-free experience offers more features, more stats, and more fun while also helping to support Sporcle. Thank you for becoming a member.

You're not logged in!

Compare scores with friends on all Sporcle quizzes.
OR
Log In

Sporcle TV

Today on Sporcle TV


Watch our educational content, quiz creation guides, and fun videos on Sporcle TV.

Show Comments

Extras

Top Quizzes Today


Score Distribution

Paid Content

Your Account Isn't Verified!

In order to create a playlist on Sporcle, you need to verify the email address you used during registration. Go to your Sporcle Settings to finish the process.

Report this User

Report this user for behavior that violates our Community Guidelines.

Details: